000 00517nam a2200193Ia 4500
005 20250508165649.0
008 008 250505s9999 xx 000 0 eng d
037 _aTextual
040 _aFEDL
_beng
_cFEDL
041 _aeng
_2eng
084 _a513.1, POO
_qFEDL
100 _aPoole Barbara
_9781548
245 0 _aBasic Mathematics
260 _aNew Jeresy, USA
_bPrentice-Hall. Inc.
_c1994
300 _aix,662p.
365 _aUSD
_b55.5
942 _cTEXL
_h513.1, POO
999 _c1396601
_d1396601